000 00525nam a22001937a 4500
003 OSt
005 20251127155009.0
008 251127b |||||||| |||| 00| 0 eng d
020 _a9780544454453
040 _cDCL
041 _aEnglish
082 _a423 Am
245 0 0 _aThe American Heritage dictionary.
250 _aFifth edition
260 _a New York :
_bAmerican Heritage Inc,
_c2011.
300 _a 2084 pages :
_bIllustions ;
_c29cm.
650 _a English language
_xDictionaries.
942 _2ddc
_cREF
_n0
999 _c2645
_d2645